[Event "AUS Schools-chT Secondary"]
[Site "Brisbane"]
[Date "2007.12.03"]
[Round "3"]
[White "Grigg, Sam"]
[Black "Cronan, James"]
[Result "1-0"]
[WhiteElo "1744"]
[BlackElo "2093"]
[PlyCount "85"]
[EventDate "2007.12.01"]
[EventType "team"]
[EventRounds "5"]
[EventCountry "AUS"]
[SourceTitle "EXT 2010"]
[Source "ChessBase"]
[SourceDate "2010.11.25"]
[SourceVersion "1"]
[SourceVersionDate "2010.11.25"]
[SourceQuality "1"]

1. c4 Nf6 2. Nc3 c6 3. d4 d5 4. cxd5 cxd5 5. Bf4 Nc6 6. e3 a6 7. Bd3 e6 8. Rc1 Qb6 9. Qd2 Nh5 10. Bg3 Bd7 11. a3 Na5 12. Nxd5 exd5 13. Bc7 Qe6 14. Qxa5 Be7 15. Nf3 0-0 16. 0-0 f5 17. Ne5 Be8 18. Be2 Nf6 19. Nd3 Bc6 20. Qb6 Rac8 21. Bg3 Ne4 22. Ne5 Bd8 23. Qb4 Be7 24. Qb6 Bd8 25. Qb4 Be7 26. Qa5 Bd8 27. Qe1 g5 28. Nxc6 Rxc6 29. Be5 Bf6 30. Bxf6 Rxf6 31. f3 Nd6 32. Qd2 Rb6 33. b4 f4 34. exf4 gxf4 35. Bd3 Qd7 36. Rc5 Nf7 37. Rfc1 Kg7 38. Bb1 Rbe6 39. Qd3 Rg6 40. Qf5 Qe7 41. Kf1 Re2 42. Rc7 Qe8 43. Qxf7+ 1-0

[Event "AUS-ch U18"]
[Site "Brisbane"]
[Date "2006.01.05"]
[Round "8"]
[White "Wu, Edwin"]
[Black "Cronan, James"]
[Result "0-1"]
[WhiteElo "1825"]
[BlackElo "2065"]
[PlyCount "66"]
[EventDate "2005.12.28"]
[EventType "swiss"]
[EventRounds "11"]
[EventCountry "AUS"]
[SourceTitle "CBM 110 Extra"]
[Source "ChessBase"]
[SourceDate "2006.03.10"]
[SourceVersion "2"]
[SourceVersionDate "2006.03.10"]
[SourceQuality "1"]

1. d4 Nf6 2. Nf3 g6 3. Bf4 Bg7 4. e3 0-0 5. Be2 d6 6. h3 c5 7. c3 b6 8. 0-0 Bb7 9. a3 a5 10. a4 Ne4 11. Na3 Nd7 12. Nb5 e5 13. Bh2 Qe7 14. Qc2 f5 15. dxe5 Nxe5 16. Rad1 Rad8 17. Nxe5 dxe5 18. Bc4+ Kh8 19. f3 Ng5 20. Qb3 Rxd1 21. Rxd1 Nxf3+ 22. gxf3 Bxf3 23. Bf1 Qg5+ 24. Kf2 Bxd1 25. Qxd1 Rd8 26. Qe2 Qh4+ 27. Bg3 Qxa4 28. Bg2 Qd1 29. Qxd1 Rxd1 30. Bh4 Rd2+ 31. Kg3 Rxb2 32. c4 e4 33. Bd8 Be5+ 0-1

[Event "Wch U16"]
[Site "Belfort"]
[Date "2005.07.19"]
[Round "1"]
[White "Brunello, Sabino"]
[Black "Cronan, James"]
[Result "1-0"]
[WhiteElo "2373"]
[BlackElo "2065"]
[PlyCount "71"]
[EventDate "2005.07.19"]
[EventType "swiss"]
[EventRounds "11"]
[EventCountry "FRA"]
[SourceTitle "CBM 107 Extra"]
[Source "ChessBase"]
[SourceDate "2005.09.01"]
[SourceVersion "1"]
[SourceVersionDate "2005.09.01"]
[SourceQuality "1"]

1. e4 d5 2. exd5 Qxd5 3. Nc3 Qa5 4. d4 Bf5 5. Nf3 Nf6 6. Bc4 e6 7. Bd2 c6 8. Nd5 Qd8 9. Nxf6+ gxf6 10. c3 Bd6 11. Qe2 Rg8 12. Nh4 Bg4 13. f3 f5 14. g3 Bh3 15. Ng2 Bxg2 16. Qxg2 Nd7 17. 0-0-0 Qf6 18. Qe2 h5 19. f4 h4 20. d5 cxd5 21. Bxd5 0-0-0 22. Bf3 Nb6 23. Be3 Qe7 24. Qf2 Qc7 25. Kb1 Nc4 26. Bd4 b6 27. Bg2 Rg6 28. Qf3 Rdg8 29. b3 Na3+ 30. Kb2 f6 31. Rhe1 Kd7 32. Qe2 Rc8 33. Bd5 e5 34. Qh5 Rg7 35. Qxf5+ Ke7 36. fxe5 1-0

[Event "Doeberl Cup 43rd"]
[Site "Canberra"]
[Date "2005.03.28"]
[Round "7"]
[White "Cronan, James"]
[Black "Lin, Zhigen Wilson"]
[Result "0-1"]
[WhiteElo "1890"]
[BlackElo "1852"]
[PlyCount "140"]
[EventDate "2005.03.25"]
[EventType "swiss"]
[EventRounds "7"]
[EventCountry "AUS"]
[SourceTitle "CBM 105 Extra"]
[Source "ChessBase"]
[SourceDate "2005.05.01"]
[SourceVersion "1"]
[SourceVersionDate "2005.05.01"]
[SourceQuality "1"]

1. d4 d5 2. Nf3 Nf6 3. g3 c6 4. Bg2 Bf5 5. 0-0 e6 6. Nh4 Bg6 7. Nxg6 hxg6 8. c3 Bd6 9. Nd2 Nbd7 10. e4 dxe4 11. Nxe4 Nxe4 12. Bxe4 0-0 13. Qb3 Qb6 14. Be3 Nf6 15. Bg2 Nd5 16. Rfe1 Rfe8 17. Qc2 Qc7 18. Bd2 Nf6 19. Rad1 Rac8 20. Be3 a6 21. a3 Ng4 22. Qb3 Rb8 23. c4 Nf6 24. c5 Be7 25. Bf4 Qd7 26. Bxb8 Rxb8 27. Qc4 Rd8 28. b4 Nd5 29. Re2 Bf6 30. Bh3 Nc7 31. a4 Qd5 32. Qc2 Bxd4 33. Red2 e5 34. Bf1 Qf3 35. Rd3 Qf5 36. Rxd4 Rxd4 37. Qxf5 gxf5 38. Rxd4 exd4 39. Bc4 Kf8 40. Kf1 a5 41. b5 Ne6 42. Bxe6 fxe6 43. Ke2 e5 44. b6 Kf7 45. Kd3 Kf6 46. h3 Kg5 47. f3 f4 48. h4+ Kf5 49. g4+ Kf6 50. Ke4 g6 51. Kd3 Ke7 52. Ke4 Ke6 53. Kd3 Kd5 54. g5 e4+ 55. fxe4+ Ke5 56. Ke2 Ke6 57. Kf3 d3 58. Kf2 Kf7 59. Kf3 Ke7 60. Kf2 Ke6 61. Kf3 Ke5 62. Kf2 Kd4 63. h5 gxh5 64. g6 Kc3 65. g7 d2 66. g8Q d1Q 67. Qf7 Qd2+ 68. Kf1 Qd1+ 69. Kf2 Qd4+ 70. Kf1 Qc4+ 0-1

[Event "Oceania zt"]
[Site "Auckland"]
[Date "2005.01.31"]
[Round "2"]
[White "Cronan, James"]
[Black "Stone, Andrew"]
[Result "1-0"]
[WhiteElo "2053"]
[BlackElo "2254"]
[PlyCount "89"]
[EventDate "2005.01.30"]
[EventType "swiss"]
[EventRounds "9"]
[EventCountry "NZL"]
[SourceTitle "CBM 104 Extra"]
[Source "ChessBase"]
[SourceDate "2005.03.01"]
[SourceVersion "1"]
[SourceVersionDate "2005.03.01"]
[SourceQuality "1"]

1. e4 d6 2. c4 c5 3. g3 Nc6 4. Bg2 g6 5. Ne2 Bg7 6. Nbc3 Bd7 7. 0-0 e6 8. d3 Nge7 9. Bf4 e5 10. Be3 0-0 11. Qd2 f5 12. Bh6 Rf7 13. Bxg7 Kxg7 14. f4 Rb8 15. a3 Nd4 16. Nxd4 exd4 17. Nb5 Bxb5 18. cxb5 Qb6 19. a4 a6 20. e5 dxe5 21. fxe5 axb5 22. axb5 Qxb5 23. g4 f4 24. Rae1 g5 25. Qe2 Nc6 26. e6 Rf6 27. Bxc6 bxc6 28. Qe5 c4 29. Qc7+ Kg6 30. e7 Re8 31. Qd7 Qb8 32. dxc4 Kf7 33. Qxd4 Rxe7 34. Rxe7+ Kxe7 35. Re1+ Kf7 36. Qd7+ Kg6 37. Re8 Qxe8 38. Qxe8+ Kg7 39. Qd7+ Kg6 40. b4 f3 41. Kf2 h5 42. h3 hxg4 43. hxg4 Kh6 44. b5 cxb5 45. cxb5 1-0

[Event "Oceania zt"]
[Site "Auckland"]
[Date "2005.01.31"]
[Round "3"]
[White "Wang, Philip Xiao"]
[Black "Cronan, James"]
[Result "1/2-1/2"]
[WhiteElo "2306"]
[BlackElo "2053"]
[PlyCount "58"]
[EventDate "2005.01.30"]
[EventType "swiss"]
[EventRounds "9"]
[EventCountry "NZL"]
[SourceTitle "CBM 104 Extra"]
[Source "ChessBase"]
[SourceDate "2005.03.01"]
[SourceVersion "1"]
[SourceVersionDate "2005.03.01"]
[SourceQuality "1"]

1. c4 Nf6 2. Nc3 e6 3. g3 d5 4. cxd5 exd5 5. d4 c6 6. Bg2 Bf5 7. Nf3 Nbd7 8. 0-0 Bb4 9. Qb3 a5 10. Nh4 Bg4 11. h3 Be6 12. a3 Bxc3 13. bxc3 b5 14. a4 bxa4 15. Qxa4 0-0 16. Qxc6 Nb6 17. Qb5 Nc4 18. Qa4 Qc8 19. Kh2 Re8 20. Qc2 h6 21. e3 Re7 22. Nf3 Bf5 23. Qe2 Ne4 24. Qe1 Rc7 25. Nh4 Bh7 26. f3 Nf6 27. f4 Be4 28. Nf3 a4 29. Rf2 Ra5 1/2-1/2

[Event "Australian Masters U16"]
[Site "Canberra"]
[Date "2004.04.18"]
[Round "9"]
[White "Cronan, James"]
[Black "Hu, Jason"]
[Result "0-1"]
[WhiteElo "1744"]
[BlackElo "1700"]
[PlyCount "92"]
[EventDate "2004.04.??"]
[EventType "tourn"]
[EventRounds "9"]
[EventCountry "AUS"]
[SourceTitle "EXT 2006"]
[Source "ChessBase"]
[SourceDate "2005.11.24"]
[SourceVersion "1"]
[SourceVersionDate "2005.11.24"]
[SourceQuality "1"]

1. e4 c6 2. d4 d5 3. Nc3 dxe4 4. Nxe4 Nd7 5. f4 Ngf6 6. Ng3 e6 7. Nf3 c5 8. c3 cxd4 9. Nxd4 Be7 10. Bd2 0-0 11. Qc2 a6 12. 0-0-0 Qc7 13. Be2 b5 14. Bf3 Bb7 15. Ne4 Nxe4 16. Bxe4 Bxe4 17. Qxe4 Nc5 18. Qc2 Rfc8 19. Kb1 Qb7 20. Be1 a5 21. Rg1 b4 22. c4 a4 23. Qe2 b3 24. a3 Qe4+ 25. Ka1 Bf6 26. Bc3 Bxd4 27. Qxe4 Nxe4 28. Rxd4 Nxc3 29. bxc3 Rc5 30. Rgd1 g6 31. Kb2 Kg7 32. g3 Rac8 33. R1d3 Rxc4 34. Rd7 Re4 35. Ra7 Re2+ 36. Kb1 Rc4 37. Rdd7 Kh6 38. Rxf7 Kh5 39. h3 h6 40. Rh7 g5 41. g4+ Kh4 42. Rxh6+ Kg3 43. fxg5 Rce4 44. c4 Rxc4 45. Rd7 Re1+ 46. Kb2 Rc2# 0-1

[Event "Australian Masters U16"]
[Site "Canberra"]
[Date "2004.04.17"]
[Round "8"]
[White "Huddleston, Heather"]
[Black "Cronan, James"]
[Result "1/2-1/2"]
[WhiteElo "1700"]
[BlackElo "1744"]
[PlyCount "67"]
[EventDate "2004.04.??"]
[EventType "tourn"]
[EventRounds "9"]
[EventCountry "AUS"]
[SourceTitle "EXT 2006"]
[Source "ChessBase"]
[SourceDate "2005.11.24"]
[SourceVersion "1"]
[SourceVersionDate "2005.11.24"]
[SourceQuality "1"]

1. d4 f5 2. Nc3 Nf6 3. Bg5 e6 4. e4 fxe4 5. Nxe4 Be7 6. Nxf6+ Bxf6 7. Bxf6 Qxf6 8. Nf3 0-0 9. Bc4 d5 10. Bd3 c5 11. c3 Nc6 12. 0-0 cxd4 13. cxd4 Kh8 14. Bc2 b6 15. Qd3 Qh6 16. Rfe1 a5 17. Ng5 Nxd4 18. Qxh7+ Qxh7 19. Nxh7 Nxc2 20. Nxf8 Nxa1 21. Rxa1 Kg8 22. Ng6 Ba6 23. Rc1 Bb5 24. f4 Kf7 25. Ne5+ Kf6 26. Kf2 g5 27. Kf3 gxf4 28. Kxf4 Ke7 29. g4 Rf8+ 30. Ke3 Kd6 31. Nf3 e5 32. g5 e4 33. Nd4 Bc4 34. a3 1/2-1/2

[Event "Australian Masters U16"]
[Site "Canberra"]
[Date "2004.04.15"]
[Round "3"]
[White "Tran, Christopher"]
[Black "Cronan, James"]
[Result "0-1"]
[WhiteElo "1522"]
[BlackElo "1744"]
[PlyCount "44"]
[EventDate "2004.04.??"]
[EventType "tourn"]
[EventRounds "9"]
[EventCountry "AUS"]
[SourceTitle "EXT 2006"]
[Source "ChessBase"]
[SourceDate "2005.11.24"]
[SourceVersion "1"]
[SourceVersionDate "2005.11.24"]
[SourceQuality "1"]

1. e4 e6 2. b3 d5 3. Bb2 c5 4. exd5 exd5 5. d4 Nf6 6. Nf3 Nc6 7. Nc3 Be6 8. Be2 Qa5 9. a3 Ne4 10. Qd3 cxd4 11. Nxd4 Nxd4 12. Qxd4 Bc5 13. Qxg7 0-0-0 14. 0-0 Rhg8 15. b4 Qb6 16. Nxe4 Rxg7 17. Bxg7 dxe4 18. bxc5 Qxc5 19. Bh6 Rg8 20. Be3 Qe5 21. g3 f5 22. Bf4 Qxf4 0-1

[Event "Australian Masters U16"]
[Site "Canberra"]
[Date "2004.04.14"]
[Round "2"]
[White "Cronan, James"]
[Black "Ly, Moulthun"]
[Result "0-1"]
[WhiteElo "1744"]
[BlackElo "1805"]
[PlyCount "112"]
[EventDate "2004.04.??"]
[EventType "tourn"]
[EventRounds "9"]
[EventCountry "AUS"]
[SourceTitle "EXT 2006"]
[Source "ChessBase"]
[SourceDate "2005.11.24"]
[SourceVersion "1"]
[SourceVersionDate "2005.11.24"]
[SourceQuality "1"]

1. c4 Nf6 2. Nc3 g6 3. e4 d6 4. d4 Bg7 5. f4 0-0 6. Nf3 c5 7. d5 e6 8. dxe6 Bxe6 9. Bd3 Nc6 10. 0-0 Bg4 11. h3 Bxf3 12. Qxf3 Nd4 13. Qg3 a6 14. f5 b5 15. Bg5 b4 16. Nd5 Nxe4 17. Qg4 Qxg5 18. Bxe4 Qxg4 19. hxg4 Rae8 20. Rae1 Re5 21. Bd3 Rfe8 22. Rd1 Ne2+ 23. Kf2 Rxd5 24. cxd5 Bd4+ 25. Ke1 Nc3+ 26. Kd2 Nxd1 27. Kxd1 Bxb2 28. Bxa6 Re4 29. Be2 Bc3 30. Bf3 Rd4+ 31. Kc1 Rd2 32. Re1 Rxa2 33. Re8+ Kg7 34. Rb8 Bf6 35. Rb6 Ra3 36. Rxd6 b3 37. Rb6 b2+ 38. Kd2 Ra4 39. g5 Bxg5+ 40. Kc2 Bf6 41. d6 Ra1 42. Be4 Rc1+ 43. Kd2 c4 44. d7 c3+ 45. Ke2 Bh4 46. g3 Be7 47. Rb8 Rg1 48. d8Q Bxd8 49. Rxd8 b1Q 50. Bxb1 Rxb1 51. Rc8 Rb2+ 52. Kf3 c2 53. Rc7 Kf6 54. fxg6 hxg6 55. Rc5 Ke6 56. Rc7 Kd5 0-1

[Event "Doeberl Cup 42nd"]
[Site "Canberra"]
[Date "2004.04.12"]
[Round "7"]
[White "Cronan, James"]
[Black "Charles, Gareth"]
[Result "1-0"]
[WhiteElo "2095"]
[BlackElo "2221"]
[PlyCount "105"]
[EventDate "2004.04.09"]
[EventType "swiss"]
[EventRounds "7"]
[EventCountry "AUS"]
[SourceTitle "EXT 2005"]
[Source "ChessBase"]
[SourceDate "2004.11.15"]
[SourceVersion "1"]
[SourceVersionDate "2004.11.15"]
[SourceQuality "1"]

1. Nf3 Nf6 2. g3 d5 3. Bg2 Bg4 4. 0-0 Nbd7 5. c4 c6 6. d4 e6 7. Bf4 Be7 8. Nc3 0-0 9. h3 Bxf3 10. Bxf3 dxc4 11. a4 Nd5 12. Bc1 Nxc3 13. bxc3 a5 14. Rb1 Nb6 15. e4 Bd6 16. Bg2 Qc7 17. f4 Rab8 18. g4 f5 19. e5 Be7 20. Qe2 fxg4 21. Qxg4 Nxa4 22. Qxe6+ Kh8 23. Qxc4 b5 24. Qd3 b4 25. cxb4 axb4 26. Bd2 c5 27. Rfc1 Qa7 28. Be3 cxd4 29. Bxd4 Bc5 30. Bxc5 Nxc5 31. Qe3 Rfc8 32. Bd5 Qe7 33. Kh2 h6 34. Qd4 Na6 35. Bc4 Nc5 36. Bd5 Na6 37. f5 Rxc1 38. Rxc1 b3 39. f6 b2 40. Rb1 gxf6 41. exf6 Qc7+ 42. Kg2 Qc5 43. Qd2 Qf8 44. Qf4 Rb4 45. Qe5 Rb8 46. Rxb2 Rxb2+ 47. Qxb2 Nc7 48. Bc4 Qa8+ 49. Kh2 Ne8 50. Qe5 Qd8 51. f7+ Ng7 52. Qf4 Qf8 53. Qxh6# 1-0

[Event "AUS-ch op U20"]
[Site "Perth "]
[Date "2004.01.21"]
[Round "8"]
[White "Guzel, Adam"]
[Black "Cronan, James"]
[Result "0-1"]
[WhiteElo "1346"]
[BlackElo "1760"]
[PlyCount "60"]
[EventDate "2004.01.14"]
[EventType "swiss"]
[EventRounds "11"]
[EventCountry "AUS"]
[SourceTitle "EXT 2006"]
[Source "ChessBase"]
[SourceDate "2005.11.24"]
[SourceVersion "1"]
[SourceVersionDate "2005.11.24"]
[SourceQuality "1"]

1. d4 c5 2. c3 f5 3. Bg5 Qb6 4. Qb3 Qxb3 5. axb3 cxd4 6. cxd4 Nc6 7. e3 h6 8. Bh4 g6 9. Nf3 Bg7 10. Nc3 Nb4 11. Rc1 Nf6 12. Bc4 d6 13. Nb5 Kd8 14. 0-0 a6 15. Nc3 b5 16. Be2 Be6 17. Ra1 Kd7 18. Rfc1 Bxb3 19. Nd2 Bf7 20. Bxf6 Bxf6 21. Bf3 Rab8 22. d5 Rhc8 23. Kf1 Nd3 24. Rcb1 Nxb2 25. Ne2 Na4 26. Ra3 g5 27. g3 Rc2 28. Nb3 Rb6 29. Nbd4 Rc4 30. Nxf5 Bg6 0-1

[Event "AUS-ch op U20"]
[Site "Perth "]
[Date "2004.01.15"]
[Round "3"]
[White "Cronan, James"]
[Black "Sreetharan, Kishore"]
[Result "1-0"]
[WhiteElo "1760"]
[BlackElo "1509"]
[PlyCount "53"]
[EventDate "2004.01.14"]
[EventType "swiss"]
[EventRounds "11"]
[EventCountry "AUS"]
[SourceTitle "EXT 2006"]
[Source "ChessBase"]
[SourceDate "2005.11.24"]
[SourceVersion "1"]
[SourceVersionDate "2005.11.24"]
[SourceQuality "1"]

1. c4 e5 2. Nc3 d6 3. e3 f5 4. d4 Nf6 5. b4 e4 6. Bb2 Be7 7. Qb3 c6 8. 0-0-0 Be6 9. f3 b6 10. Nh3 a5 11. a3 d5 12. Kb1 Na6 13. Nf4 Bf7 14. bxa5 bxa5 15. cxd5 g5 16. Ne6 Bxe6 17. dxe6 0-0 18. d5 Nc5 19. Qc4 exf3 20. gxf3 cxd5 21. Nxd5 Nxd5 22. Rxd5 Qb6 23. Rg1 Rab8 24. Rg2 Nxe6 25. Rb5 Qd6 26. Rd2 Qa6 27. Rxb8 1-0

[Event "New South Wales Junior Masters"]
[Site "Sydney"]
[Date "2003.04.24"]
[Round "4"]
[White "Hu, Jason"]
[Black "Cronan, James"]
[Result "0-1"]
[WhiteElo "1463"]
[BlackElo "1734"]
[PlyCount "96"]
[EventDate "2003.04.??"]
[EventType "tourn"]
[EventRounds "9"]
[EventCountry "AUS"]
[SourceTitle "EXT 2005"]
[Source "ChessBase"]
[SourceDate "2004.11.15"]
[SourceVersion "1"]
[SourceVersionDate "2004.11.15"]
[SourceQuality "1"]

1. c4 Nc6 2. d4 e5 3. d5 Nce7 4. Bg5 f6 5. Bc1 Ng6 6. Nc3 Bc5 7. e3 d6 8. Bd3 f5 9. a3 a5 10. Nge2 Nh6 11. Qa4+ Bd7 12. Qb3 0-0 13. g3 Qf6 14. e4 f4 15. gxf4 Qh4 16. f5 Qxf2+ 17. Kd1 Qg2 18. Ng3 Nf4 19. Qc2 Ng4 20. Qxg2 Nxg2 21. Ke2 Rf7 22. Kf3 Nf2 23. Kxg2 Nxd3 24. Rb1 g6 25. Rd1 Nxc1 26. Rbxc1 gxf5 27. exf5 Bxf5 28. Rf1 Raf8 29. Nxf5 Rxf5 30. Rxf5 Rxf5 31. Rf1 Rxf1 32. Kxf1 Bd4 33. Nb5 Bxb2 34. a4 Kf7 35. Nxc7 Ba3 36. Ke2 Kf6 37. Ne6 Kf5 38. Kd3 b6 39. h3 Bc5 40. Ke2 h6 41. Kf3 h5 42. Ng7+ Kg5 43. Kg3 e4 44. Ne6+ Kf5 45. Ng7+ Ke5 46. Nxh5 Kd4 47. Kf4 Kxc4 48. Kxe4 b5 0-1

[Event "AUS-ch U18"]
[Site "Adelaide"]
[Date "2003.01.19"]
[Round "7"]
[White "Yu, Michael"]
[Black "Cronan, James"]
[Result "1-0"]
[WhiteElo "1520"]
[BlackElo "1624"]
[PlyCount "101"]
[EventDate "2003.01.??"]
[EventType "swiss"]
[EventRounds "11"]
[EventCountry "AUS"]
[SourceTitle "EXT 2006"]
[Source "ChessBase"]
[SourceDate "2005.11.24"]
[SourceVersion "1"]
[SourceVersionDate "2005.11.24"]
[SourceQuality "1"]

1. e4 c6 2. d4 d5 3. e5 Bf5 4. Nf3 e6 5. Be2 c5 6. 0-0 Nc6 7. Be3 Qb6 8. b3 f6 9. Nc3 0-0-0 10. dxc5 Qb4 11. Nb5 fxe5 12. c3 Qe4 13. Ng5 Qh4 14. g3 Qh6 15. Nf7 Qf6 16. Nxd8 Kxd8 17. Bg4 g6 18. Nd6 Bxd6 19. cxd6 d4 20. cxd4 exd4 21. Bc1 e5 22. Bxf5 gxf5 23. Qh5 Kd7 24. Ba3 e4 25. Rac1 Nh6 26. Qe2 d3 27. Qd2 Re8 28. Bc5 Nf7 29. Qf4 Ng5 30. Kh1 h5 31. Qh4 Qg6 32. Be3 Nf3 33. Qf4 Rh8 34. h4 Qf6 35. b4 Rg8 36. Qh6 Qxh6 37. Bxh6 Kxd6 38. Bf4+ Nce5 39. Rc5 b6 40. Rc3 Rd8 41. Rfc1 d2 42. Rd1 Ke6 43. Kg2 Nd3 44. Bxd2 Nxd2 45. Rxd2 Ne1+ 46. Kf1 Rxd2 47. Kxe1 Rxa2 48. Rc6+ Ke5 49. Rh6 Rb2 50. Rxh5 Rxb4 51. g4 1-0